000 00779nam a2200193Ia 4500
003 GCL
008 140319s9999 xx 000 0 ara d
040 _aGCL /
_cGCL
082 0 4 _a343.07891
_bم ا
100 1 _aمحيى الدين ابراهيم احمد
245 1 0 _aالاساسيات فى تشريعات المنشات والشركات السياحية :
_bلطلبة المعاهد الفندقية /
_cمحيى الدين ابراهيم احمد
250 _aالثانية
260 _aالقاهرة :
_bدار الوفاء لدنيا الطباعة والنشر ،
_c1999
300 _a250 ص ؛
_c24 سم
650 0 4 _aالسياحة
650 0 4 _aالمنشات السياحية
650 0 4 _aالسياحة - قوانين وتشريعات
942 _2ddc
_cBK
999 _c5189
_d5189